| Tag |
First Indicator |
Second Indicator |
Subfields |
| LEADER |
00000cam a2200000 4500 |
| 001 |
in00000069222 |
| 005 |
20151008051412.0 |
| 008 |
761110r1938 nyua 00110 eng |
| 010 |
|
|
|a 38018002
|
| 035 |
|
|
|a (OCoLC)02550540
|
| 035 |
|
|
|9 AAG7652AM
|
| 040 |
|
|
|a DLC
|c AKC
|d TXA
|d UtOrBLW
|
| 049 |
|
|
|a TXAM
|c [76595]
|
| 050 |
0 |
0 |
|a HV1431
|b .L5
|
| 092 |
|
|
|a 362.70973
|b L746n
|
| 100 |
1 |
|
|a Lindley, Betty Grimes,
|d 1902-
|
| 245 |
1 |
2 |
|a A new deal for youth ;
|b the story of the National youth administration /
|c [by] Betty and Ernest K. Lindley.
|
| 264 |
|
1 |
|a New York :
|b The Viking press,
|c 1938.
|
| 300 |
|
|
|a xvi, 315 pages :
|b plates, diagrams ;
|c 22 cm.
|
| 336 |
|
|
|a text
|b txt
|2 rdacontent
|
| 337 |
|
|
|a unmediated
|b n
|2 rdamedia
|
| 338 |
|
|
|a volume
|b nc
|2 rdacarrier
|
| 500 |
|
|
|a "First published in July 1938."
|
| 610 |
1 |
0 |
|a United States.
|b National Youth Administration.
|
| 700 |
1 |
|
|a Lindley, Ernest Kidder,
|d 1899-
|
| 999 |
|
|
|a MARS
|
| 999 |
f |
f |
|s 486a5f87-0e6a-3329-9bdc-a5f2296266e4
|i 35bc4383-ba65-3015-aa99-f33d859a481c
|t 0
|
| 952 |
f |
f |
|p ric
|a Texas A&M University
|b Rellis Campus
|c Joint Library Facility
|d Remote Storage
|t 0
|e HV1431 .L5
|h Library of Congress classification
|i unmediated -- volume
|m A14800810965
|
| 998 |
f |
f |
|a HV1431 .L5
|t 0
|l Remote Storage
|